000 00606nam a22001457a 4500
020 _a978-81-7223-486-7
082 _a823
_bSHE/B
100 _aSHELDON,SIDNEY
245 _aBLOODLINE
260 _aLONDON
_bHARPPER COLLINS
300 _a409
520 _aBloodline is another thriller novel from bestselling author, Sidney Sheldon. The story revolves around Elizabeth Roffe, who, after the unexpected death of her father, becomes the sole heiress to his billion dollar empire. She also realizes that she is all alone in a world that is hostile towards her.
650 _aENGLISH NOVAL
_zLONDON
942 _cBK
999 _c3433
_d3433